000
00242nam a22001097a 4500
082
_a
684.08 HAI'C
100
_a
HAINES, RAY E
_9
58167
245
_a
THE CICULAR SAW
260
_a
NEWYORK
_b
D. VAN NOSTRAND
_c
1952
300
_a
118P
942
_c
BK
999
_c
568377
_d
568377